Виды города Томска на память

Bibliografiske detaljer
Institution som forfatter: Томск, город Администрация
Sprog:russisk
Udgivet: Томск, D-Print, 2004
Fag:
Format: MixedMaterials Bog
KOHA link:https://koha.lib.tpu.ru/cgi-bin/koha/opac-detail.pl?biblionumber=63157

MARC

LEADER 00000nam0a2200000 4500
001 63157
005 20231101212039.0
010 |a 5902514037 
035 |a (RuTPU)RU\TPU\book\67003 
090 |a 63157 
100 |a 20040430d2004 m y0rusy50 ca 
101 0 |a rus 
102 |a RU 
105 |a a z 000zy 
200 1 |a Виды города Томска на память  |f Администрация г. Томска 
210 |a Томск  |c D-Print  |d 2004 
215 |a 108 с.  |c ил. 
610 1 |a Томск 
610 1 |a история 
610 1 |a виды 
610 1 |a фотографии 
610 1 |a альбомы 
610 1 |a 19 век 
610 1 |a 20 век 
686 |a Т3(2Р53)  |v LBC/SL-A  |2 rubbk 
686 |a Ч611.68  |v LBC/SL-A  |2 rubbk 
712 0 1 |a Томск, город  |b Администрация  |2 stltpush  |3 (RuTPU)RU\TPU\col\3145  |9 23774 
801 1 |a RU  |b 63413507  |c 20040430  |g PSBO 
801 2 |a RU  |b 63413507  |c 20140212  |g PSBO 
942 |c BK